Statistiques concernant Personnages célèbres - Série 10

Cliquez ici pour prendre le quiz!

Statistiques générales

  • Ce quiz a été pris 173 fois
  • Le résultat moyen est 8 sur 15

Statistiques - réponses

Réponse% Correct
Patrick Bruel
96%
Carla Bruni
90%
Pierre Richard
72%
Isabelle Nanty
70%
Isabelle Adjani
69%
Jean Benguigui
64%
Jean Pierre Raffarin
57%
Roman Polanski
51%
Albert Dupontel
44%
Jean Louis Trintignant
42%
Jean Pierre Marielle
41%
Jean Pierre Mocky
35%
Michel Bouquet
28%
Jean Piat
26%
Dominique Baudis
15%

Distribution des résultats

Percentile par nombre de réponses

% des personnes avec chaque résultat

Votre développement - résultats

Vous n’avez pas pris ce quiz